000 00672nam a22002057a 4500
001 20255
003 BD-RjUL
005 20211209000536.0
008 140227r19551925enk 000 0 eng d
035 _a(BD-RjUL)20317
040 _aBD-RjUL
_beng
_cBD-RjUL
041 _aeng
082 _a821.4
_bDRD 1955
100 1 _aDryden, John
_962436
245 0 0 _aDryden, poetry and prose :
_bwith essays by Congreve, Johnson, Scott and others /
_cwith an introduction and notes by David Nichol Smith.
260 _aLondon ;
_aOxford:
_bClarendon,
_c1925 [Reprinted 1951,1955].
300 _axvi, 204 p. ;
_c18 cm.
650 0 _aDryden, John,
_y 1631-1700.
_962437
942 _2ddc
_cBK
999 _c20255
_d20255